[Event "Asian-ch U14 Rapid"]
[Site "Chiangmai"]
[Date "2018.04.01"]
[Round "1.1"]
[White "Advait, Bagri"]
[Black "Nogerbek, Kazybek"]
[Result "0-1"]
[WhiteElo "1472"]
[BlackElo "2266"]
[PlyCount "102"]
[EventDate "2018.04.01"]
[EventType "swiss (rapid)"]
[EventRounds "7"]
[EventCountry "THA"]
[SourceTitle "EXT 2024"]
[Source "ChessBase"]
[SourceDate "2023.10.10"]
[SourceVersion "1"]
[SourceVersionDate "2023.10.10"]
[SourceQuality "1"]

1. e4 c5 2. Nf3 Nc6 3. Bb5 g6 4. 0-0 Bg7 5. Re1 Nf6 6. e5 Nd5 7. Nc3 Nc7 8. Bxc6 dxc6 9. Ne4 Ne6 10. d3 0-0 11. Be3 b6 12. Qd2 Nd4 13. Nxd4 cxd4 14. Bh6 c5 15. Bxg7 Kxg7 16. Qf4 Qd7 17. a4 Qf5 18. Qxf5 Bxf5 19. Nd2 Be6 20. Nc4 Rfd8 21. b3 Rab8 22. Ra2 a6 23. Nd2 Bd5 24. f3 Re8 25. Kf2 f5 26. f4 Kf7 27. Raa1 Ke6 28. Nc4 Rg8 29. g3 h6 30. Nd2 g5 31. Rg1 gxf4 32. gxf4 Rg4 33. Rxg4 fxg4 34. Kg3 Kf5 35. Rf1 b5 36. axb5 axb5 37. Ra1 h5 38. Rf1 Ra8 39. Kh4 Ra2 40. Ne4 Bxe4 41. dxe4+ Kxe4 42. Kg5 Rxc2 43. Re1+ Kd5 44. f5 Rxh2 45. f6 Ke6 46. Kg6 Rf2 47. Rc1 exf6 48. Rxc5 fxe5 49. Kxh5 g3 50. Rc1 d3 51. Rg1 g2 0-1

[Event "Penang op-A 9th"]
[Site "Penang"]
[Date "2017.12.07"]
[Round "6"]
[White "Singh, Eshwant"]
[Black "Advait, Bagri"]
[Result "1/2-1/2"]
[WhiteElo "1641"]
[BlackElo "1990"]
[PlyCount "46"]
[EventDate "2017.12.04"]
[EventType "swiss"]
[EventRounds "9"]
[EventCountry "MAS"]
[SourceTitle "CBM 182 Extra"]
[Source "ChessBase"]
[SourceDate "2018.02.23"]
[SourceVersion "1"]
[SourceVersionDate "2018.02.23"]
[SourceQuality "1"]

1. d4 d5 2. Nf3 Nf6 3. g3 Bg4 4. Bg2 e6 5. 0-0 Bd6 6. Nbd2 0-0 7. c4 c6 8. Qb3 Qb6 9. c5 Qxb3 10. axb3 Bc7 11. Re1 b6 12. b4 a5 13. bxa5 bxc5 14. dxc5 Na6 15. Nd4 Nb4 16. Ra4 Rfb8 17. N2b3 e5 18. Bd2 Na6 19. Nxc6 Rxb3 20. Ne7+ Kf8 21. Nxd5 Nxc5 22. Nxc7 Nxa4 23. Nxa8 Rxb2 1/2-1/2

[Event "Barcelona Sant Marti op-A 19th"]
[Site "Barcelona"]
[Date "2017.07.21"]
[Round "9.64"]
[White "Advait, Bagri"]
[Black "Di Chiara, Mauro"]
[Result "1-0"]
[WhiteElo "1772"]
[BlackElo "1964"]
[PlyCount "91"]
[EventDate "2017.07.13"]
[EventType "swiss"]
[EventRounds "9"]
[EventCountry "ESP"]
[SourceTitle "EXT 2018"]
[Source "ChessBase"]
[SourceDate "2017.10.13"]
[SourceVersion "1"]
[SourceVersionDate "2017.10.13"]
[SourceQuality "1"]

1. e4 g6 2. d4 Bg7 3. Nc3 d6 4. Be3 Nf6 5. Qd2 0-0 6. f3 c6 7. Bd3 b5 8. Nge2 Nbd7 9. 0-0 a6 10. Nd1 e5 11. c3 d5 12. Nf2 Re8 13. Ng3 Bb7 14. Rae1 Rc8 15. b4 exd4 16. cxd4 Nb6 17. e5 Nfd7 18. Ng4 Nc4 19. Bxc4 dxc4 20. Ne4 f5 21. Nd6 fxg4 22. Nxb7 Qc7 23. Nd6 gxf3 24. gxf3 Red8 25. Nxc8 Qxc8 26. Bg5 Re8 27. Qf4 Nb6 28. Qe4 Qd7 29. f4 h6 30. Bh4 Qg4+ 31. Bg3 Nd5 32. a3 Re6 33. f5 gxf5 34. Rxf5 Qxe4 35. Rxe4 Nc3 36. Rg4 Kh7 37. Kf1 Rg6 38. Rxg6 Kxg6 39. Rf3 Nd5 40. Bh4 Kh5 41. Bd8 Kg6 42. Ke2 h5 43. e6 Bf6 44. Bxf6 Nxf6 45. e7 Ne8 46. Rf8 1-0

[Event "London Classic op U2050-B 8th"]
[Site "London"]
[Date "2016.12.16"]
[Round "5"]
[White "Advait, Bagri"]
[Black "Hayward, Alan"]
[Result "1-0"]
[WhiteElo "1647"]
[BlackElo "1987"]
[PlyCount "51"]
[EventDate "2016.12.12"]
[EventType "swiss"]
[EventRounds "5"]
[EventCountry "ENG"]
[SourceTitle "EXT 2019"]
[Source "ChessBase"]
[SourceDate "2018.10.10"]
[SourceVersion "1"]
[SourceVersionDate "2018.10.10"]
[SourceQuality "1"]

1. e4 d5 2. exd5 Nf6 3. d4 Bg4 4. Be2 Bxe2 5. Qxe2 Qxd5 6. Nf3 e6 7. c4 Qf5 8. 0-0 Nc6 9. d5 Nb4 10. a3 Nd3 11. dxe6 Nxc1 12. Rxc1 Bd6 13. c5 Bf4 14. exf7+ Kxf7 15. Qc4+ Kf8 16. Nd4 Bxh2+ 17. Kxh2 Ng4+ 18. Kg3 Qxf2+ 19. Kxg4 Qxg2+ 20. Kf4 h5 21. Ke3 Re8+ 22. Kd3 Rh6 23. Nd2 Qg6+ 24. Kc3 Re3+ 25. Kb4 b6 26. Rf1+ 1-0

[Event "London Classic op U2050-B 8th"]
[Site "London"]
[Date "2016.12.14"]
[Round "3"]
[White "Miller, Dominic"]
[Black "Advait, Bagri"]
[Result "1-0"]
[WhiteElo "1954"]
[BlackElo "1647"]
[PlyCount "95"]
[EventDate "2016.12.12"]
[EventType "swiss"]
[EventRounds "5"]
[EventCountry "ENG"]
[SourceTitle "EXT 2019"]
[Source "ChessBase"]
[SourceDate "2018.10.10"]
[SourceVersion "1"]
[SourceVersionDate "2018.10.10"]
[SourceQuality "1"]

1. e4 e5 2. Nf3 Nc6 3. Bb5 a6 4. Ba4 Nf6 5. 0-0 b5 6. Bb3 Be7 7. Qe2 d6 8. a4 Bg4 9. c3 Na5 10. Bc2 c6 11. d3 0-0 12. Rd1 c5 13. Nbd2 Qc7 14. Nf1 Bh5 15. Ne3 Rfd8 16. Nf5 b4 17. Nxe7+ Qxe7 18. cxb4 cxb4 19. Bd2 Nc6 20. Be3 Rac8 21. a5 h6 22. Ba4 Nh7 23. h3 Qe6 24. g4 Bg6 25. Nh4 Ng5 26. Kg2 Bh7 27. Nf5 Bxf5 28. gxf5 Qe7 29. Qg4 Kh8 30. Rac1 Na7 31. Rxc8 Rxc8 32. f6 gxf6 33. Bxa7 Rg8 34. Qd7 Qf8 35. Kf1 Qg7 36. Qf5 Ne6 37. Be3 Qg2+ 38. Ke2 Rg6 39. Bb3 Kg7 40. Bxe6 fxe6 41. Qf3 d5 42. Qxg2 Rxg2 43. Kf3 Rg6 44. Rc1 f5 45. Rc7+ Kf6 46. Ra7 f4 47. Bc5 Kg5 48. Be7+ 1-0